000 00255nam a22001217a 4500
008 170906b xxu||||| |||| 00| 0 eng d
041 _aeng
080 _a72
100 _a41
101 _aARK
245 _aNEW LIVING SPACES
_cLUCE, H.R
942 _2udc
_cBK
999 _c26376
_d26376